Le crime du paradis : (Notice n° 18859)
[ affichage normal ]
| 000 -LEADER | |
|---|---|
| fixed length control field | 04608cam a2200721 i 4500 |
| 001 - CONTROL NUMBER | |
| control field | 0008116496 |
| 003 - CONTROL NUMBER IDENTIFIER | |
| control field | OSt |
| 005 - DATE AND TIME OF LATEST TRANSACTION | |
| control field | 20260528201325.0 |
| 007 - PHYSICAL DESCRIPTION FIXED FIELD--GENERAL INFORMATION | |
| fixed length control field | ta |
| 008 - FIXED-LENGTH DATA ELEMENTS--GENERAL INFORMATION | |
| fixed length control field | 251208s2026 fr 000 f fre d |
| 020 ## - INTERNATIONAL STANDARD BOOK NUMBER | |
| International Standard Book Number | 9782702192979 |
| Qualifying information | (broch)̌ |
| 024 3# - OTHER STANDARD IDENTIFIER | |
| Standard number or code | 9782702192979 |
| 040 ## - CATALOGING SOURCE | |
| Original cataloging agency | BTLF |
| Language of cataloging | fre |
| Description conventions | rda |
| Transcribing agency | BTLF |
| Modifying agency | SQTD |
| -- | SDM |
| -- | SQTD |
| -- | QMBND |
| 082 05 - DEWEY DECIMAL CLASSIFICATION NUMBER | |
| Classification number | 848.92 |
| Item number | M9897c |
| Edition number | 23/fre/202603 |
| 082 05 - DEWEY DECIMAL CLASSIFICATION NUMBER | |
| Classification number | M 9896cdp |
| Item number | M9897c |
| Edition number | 23/fre/202603 |
| 091 0# - MICROFILM SHELF LOCATION (AM) [OBSOLETE] | |
| Microfilm shelf location | Musso |
| 100 1# - MAIN ENTRY--PERSONAL NAME | |
| Personal name | Musso, Guillaume, |
| Dates associated with a name | 1974- |
| Relator term | auteur |
| 245 13 - TITLE STATEMENT | |
| Title | Le crime du paradis : |
| Remainder of title | roman / |
| Statement of responsibility, etc. | Guillaume Musso. |
| 264 #1 - PRODUCTION, PUBLICATION, DISTRIBUTION, MANUFACTURE, AND COPYRIGHT NOTICE | |
| Place of production, publication, distribution, manufacture | Paris : |
| Name of producer, publisher, distributor, manufacturer | Calmann-Lv̌y, |
| Date of production, publication, distribution, manufacture, or copyright notice | 2026. |
| 264 #4 - PRODUCTION, PUBLICATION, DISTRIBUTION, MANUFACTURE, AND COPYRIGHT NOTICE | |
| Date of production, publication, distribution, manufacture, or copyright notice | ♭2026 |
| 300 ## - PHYSICAL DESCRIPTION | |
| Extent | 475 pages ; |
| Dimensions | 23 cm |
| 336 ## - CONTENT TYPE | |
| Content type term | texte |
| Content type code | txt |
| Source | rdacontent |
| 337 ## - MEDIA TYPE | |
| Media type term | sans mďiation |
| Media type code | n |
| Source | rdamedia |
| 338 ## - CARRIER TYPE | |
| Carrier type term | volume |
| Carrier type code | nc |
| Source | rdacarrier |
| 520 ## - SUMMARY, ETC. | |
| Summary, etc. | Une histoire sombre et splendide dans une Côte d’Azur magnétique et sensuelle . Florence et Julian Livingstone, un couple d’Américains fortunés, réunissent chaque été un petit cercle d’amis dans leur somptueuse maison du cap d’Antibes, la Villa Starlight. Mais ce monde idyllique s’effondre la nuit où Oscar, leur fils de trois ans, est enlevé dans des conditions mystérieuses. . Alors que l’affaire passionne le monde entier et que la peur se répand, le policier chargé de l’enquête se heurte à un mur de mensonges et de secrets. Son chemin va croiser celui de la jeune romancière Agatha Harding qui espère s’emparer du drame pour écrire un best-seller…. |
| 650 #6 - SUBJECT ADDED ENTRY--TOPICAL TERM | |
| Topical term or geographic name as entry element | Policiers |
| Form subdivision | Romans, nouvelles, etc. |
| 650 #6 - SUBJECT ADDED ENTRY--TOPICAL TERM | |
| Topical term or geographic name as entry element | Romancir̈es |
| Form subdivision | Romans, nouvelles, etc. |
| 650 #6 - SUBJECT ADDED ENTRY--TOPICAL TERM | |
| Topical term or geographic name as entry element | Vacances |
| Geographic subdivision | France |
| -- | Antibes, Cap d' |
| Form subdivision | Romans, nouvelles, etc. |
| 650 #6 - SUBJECT ADDED ENTRY--TOPICAL TERM | |
| Topical term or geographic name as entry element | Roman |
| General subdivision | Art d'črire |
| Form subdivision | Romans, nouvelles, etc. |
| 650 #6 - SUBJECT ADDED ENTRY--TOPICAL TERM | |
| Topical term or geographic name as entry element | Enlv̈ement de mineurs |
| General subdivision | Enqut̊es |
| Form subdivision | Romans, nouvelles, etc. |
| 650 #6 - SUBJECT ADDED ENTRY--TOPICAL TERM | |
| Topical term or geographic name as entry element | Enfants disparus |
| General subdivision | Enqut̊es |
| Form subdivision | Romans, nouvelles, etc. |
| 650 #6 - SUBJECT ADDED ENTRY--TOPICAL TERM | |
| Topical term or geographic name as entry element | Anněs vingt (Vingtim̈e sic̈le) |
| Form subdivision | Romans, nouvelles, etc. |
| 651 #6 - SUBJECT ADDED ENTRY--GEOGRAPHIC NAME | |
| Geographic name | Antibes, Cap d' (France) |
| Form subdivision | Romans, nouvelles, etc. |
| 655 #7 - INDEX TERM--GENRE/FORM | |
| Genre/form data or focus term | Romans s̉uspense |
| Source of term | rvmgf |
| 655 #7 - INDEX TERM--GENRE/FORM | |
| Genre/form data or focus term | Romans policiers |
| Source of term | rvmgf |
| 655 #7 - INDEX TERM--GENRE/FORM | |
| Genre/form data or focus term | Romans franȧis |
| Chronological subdivision | 21e sic̈le |
| Source of term | local |
| 942 ## - ADDED ENTRY ELEMENTS (KOHA) | |
| Source of classification or shelving scheme | Dewey Decimal Classification |
| Koha item type | Roman adulte |
| Withdrawn status | Lost status | Source of classification or shelving scheme | Damaged status | Not for loan | Home library | Current library | Date acquired | Total Checkouts | Full call number | Barcode | Date last seen | Price effective from | Koha item type |
|---|---|---|---|---|---|---|---|---|---|---|---|---|---|
| Dewey Decimal Classification | Bibliothèque municipale d'Henryville | Bibliothèque municipale d'Henryville | 2026-05-28 | M 9897cdp | 30001030026704 | 2026-05-28 | 2026-05-28 | Roman adulte |